004580000a22001450004500090001700000245010400017041001400121700002800135700002500163700002600188100002900214942001300243773003900256999001700295 aASbSeriadas10aPrimeros registros para Colombia de cuatro taxones de la familia Tyrannidae ()0 aEspañol1 aPiragua, William9991741 aStiles, F. Gary98771 aMcNish, Thomas9993851 aRojas R., Rosario999386 cARTICULO1 tCaldasia345h3q523-525d1997g19 c14858d14858